| 000 | 00763cam a22002414a 4500 | ||
|---|---|---|---|
| 001 | 13507788 | ||
| 005 | 20180206081559.0 | ||
| 008 | 040302s2005 maua b 001 0 eng | ||
| 010 | _a 2004004949 | ||
| 020 | _a0763748013 | ||
| 040 |
_aDLC _cDLC _dDLC |
||
| 041 | _aeng | ||
| 042 | _apcc | ||
| 080 | _a362.16068 dou | ||
| 082 | 0 | 0 |
_a362.16068 dou _222 |
| 100 | 1 | _a53 | |
| 101 | _aman | ||
| 245 | 1 | 0 |
_aEffective management of long-term care facilities / _cDouglas A. Singh. |
| 504 | _aIncludes bibliographical references and index. | ||
| 906 |
_a7 _bcbc _corignew _d1 _eecip _f20 _gy-gencatlg |
||
| 942 |
_2ddc _cBK |
||
| 999 |
_c41935 _d41935 |
||